000
00302nam a2200121Ia 4500
005
20251222155044.0
008
251222s9999||||xx |||||||||||||| ||spa||
082
_a
MEQ.230
100
_a
JOHN. B. West.
245
0
_a
Bases fisiológicas de la práctica médica
264
_b
Panamericana
942
_c
LIB
999
_c
37006
_d
37006